Herman Melville's Billy Budd, Benito Cereno, Bartleby the scrivener, and other tales /

A collection of seven critical essays on Melville's shorter works of fiction including "Billy Budd" and "The Piazza Tales."

Bibliographic Details
Other Authors: Bloom, Harold
Format: Book
Language:English
Published: New York : Chelsea House, 1987.
Series:Modern critical interpretations.
Subjects:

MARC

Tag First Indicator Second Indicator Subfields
LEADER 00000cam a2200000 a 4500
001 in00000028014
005 20151007054708.0
008 861105s1987 nyu j b 00100 eng
010 |a  86029960  
020 |a 1555460097 (alk. paper) :  |c $24.50 
035 |a (OCoLC)14819485 
035 |9 AAB5965AM 
040 |a DLC  |c DLC  |d TXA  |d UtOrBLW 
049 |a TXAM  |c [A11114932] 
050 0 0 |a PS2387  |b .H44 1987 
082 0 |a 813/.3  |2 19 
245 0 0 |a Herman Melville's Billy Budd, Benito Cereno, Bartleby the scrivener, and other tales /  |c edited and with an introduction by Harold Bloom. 
264 1 |a New York :  |b Chelsea House,  |c 1987. 
300 |a vii, 165 pages ;  |c 25 cm. 
336 |a text  |b txt  |2 rdacontent 
337 |a unmediated  |b n  |2 rdamedia 
338 |a volume  |b nc  |2 rdacarrier 
490 1 |a Modern critical interpretations 
504 |a Bibliography: pages 153-156. 
500 |a Includes index. 
520 |a A collection of seven critical essays on Melville's shorter works of fiction including "Billy Budd" and "The Piazza Tales." 
600 1 0 |a Melville, Herman,  |d 1819-1891  |x Criticism and interpretation. 
600 1 1 |a Melville, Herman,  |d 1819-1891  |x Criticism and interpretation. 
650 1 |a American literature  |x History and criticism. 
700 1 |a Bloom, Harold. 
830 0 |a Modern critical interpretations. 
999 |a MARS 
999 f f |s 4492a991-7cc9-3b8b-9aa2-c103749f6bd8  |i 0cc5697a-6fad-3c5a-93b1-483faab978f4  |t 0 
952 f f |p ric  |a Texas A&M University  |b Rellis Campus  |c Joint Library Facility  |d Remote Storage  |t 0  |e PS2387 .H44 1987  |h Library of Congress classification  |i unmediated -- volume  |m A14811114932 
998 f f |a PS2387 .H44 1987  |t 0  |l Remote Storage